Barchester Towers (Record no. 24108)

000 -LEADER
fixed length control field 00159nam a22000617a 4500
003 - CONTROL NUMBER IDENTIFIER
control field Nust
005 - DATE AND TIME OF LATEST TRANSACTION
control field 20170517133750.0
008 - FIXED-LENGTH DATA ELEMENTS--GENERAL INFORMATION
fixed length control field 140507b xxu||||| |||| 00| 0 eng d
040 ## - CATALOGING SOURCE
Original cataloging agency DLC
Language of cataloging DLC
Transcribing agency RCMS
082 ## - DEWEY DECIMAL CLASSIFICATION NUMBER
Classification number 823 TRO
100 ## - MAIN ENTRY--PERSONAL NAME
Personal name Trollope, Anthony,
9 (RLIN) 982
245 ## - TITLE STATEMENT
Title Barchester Towers
Statement of responsibility, etc. Anthony Trollope.
260 ## - PUBLICATION, DISTRIBUTION, ETC.
Place of publication, distribution, etc. Islasmabad
Name of publisher, distributor, etc. National Book Foundation
Date of publication, distribution, etc. c2008,
300 ## - PHYSICAL DESCRIPTION
Extent 477 p.
Other physical details ill:
Dimensions 21 cm.
490 ## - SERIES STATEMENT
Series statement Penguin popular classics
538 ## - SYSTEM DETAILS NOTE
Display text Shelf # 13, Row # 1, Fiction.
650 ## - SUBJECT ADDED ENTRY--TOPICAL TERM
Topical term or geographic name entry element Barsetshire (England : Imaginary place)
General subdivision Fiction.
9 (RLIN) 983
856 ## - ELECTRONIC LOCATION AND ACCESS
Materials specified Contributor biographical information
Uniform Resource Identifier <a href="http://www.loc.gov/catdir/bios/random056/91053197.html">http://www.loc.gov/catdir/bios/random056/91053197.html</a>
942 ## - ADDED ENTRY ELEMENTS (KOHA)
Source of classification or shelving scheme
Koha item type Fiction
Holdings
Withdrawn status Lost status Source of classification or shelving scheme Damaged status Not for loan Collection code Permanent Location Current Location Shelving location Date acquired Total Checkouts Full call number Barcode Date last seen Price effective from Koha item type
            School of Interdisciplinary Engineering and Sciences (SINES) School of Interdisciplinary Engineering and Sciences (SINES) Fiction 05/07/2014   823TRO RCMS000652 05/07/2014 05/07/2014 Fiction
© 2023 Central Library, National University of Sciences and Technology. All Rights Reserved.